Countries King Albert II has visited - Statistics

General Stats
  • This quiz has been taken 35 times
  • The average score is 25 of 28
Answer Stats
Continent Country % Correct
Asia China
96%
Europe Germany
96%
Europe Spain
96%
Europe the Netherlands
96%
Europe Finland
92%
Europe France
92%
Europe Greece
92%
Europe Italy
92%
Asia Japan
92%
Europe Latvia
92%
Europe Norway
92%
Europe Portugal
92%
Asia/ Europe Russia
92%
Europe Sweden
92%
Europe Austria
88%
Europe Denmark
88%
Europe Estonia
88%
Europe Hungary
88%
Europe Ireland
88%
Europe Lithuania
88%
Europe Luxembourg
88%
Europe Switzerland
88%
Europe Bulgaria
83%
Europe Poland
83%
Europe Czech Republic
79%
Asia India
79%
Europe Romania
79%
Africa Morocco
63%
No matching quizzes found
Score Distribution
Percent of People with Each Score
Percentile by Number Answered
Your Score History
You have not taken this quiz